000 00320nam a22001337a 4500
020 _a978-93-5275-085-6
082 _a823
_bSUT/W
100 _aSUTHERLAND, TUI T
245 _aWINGS OF FIRE
_bTHE DRAGONET PROPHECY
260 _aNEW YORK
_bSCHOLASTIC
_c2012
300 _a304
650 _aNOVEL
_zUNITED STATES
942 _cBK
999 _c3900
_d3900